Statistics for The Legend of Zelda Quiz

Click here to take the quiz!

General Stats

  • This quiz has been taken 6 times
  • The average score is 9 of 25

Answer Stats

Answer% Correct
What is falling in Majora's MaskThe Moon
100%
Its dangerous to go alone -Take This
80%
Who is the Oracle of SeasonsDin
80%
Who is the Oracle of AgesNayru
80%
Who is the Oracle of SecretsFarore
80%
Who must Link wake up I'm Link's AwakeningThe Wind Fish
60%
Where is the Forest Temple in OoTSacred Forest Meadow
60%
Who is the Princess of LoruleHilda
60%
The 3 golden goddesses(in the order Blue, Green, Red)Nayru, Farore, Din
40%
What is the final mask in Majora's MaskThe Fierce Deity Mask
40%
What colour is the energy in the trailer for Breath of the Wild 2Green
40%
Ganon's weapon in ALTTPTrident
40%
Where do you lose your sword in WWThe Forsaken Fortress
40%
How many adventures has the Hero of Legend been on | How many regions are in ST4
20%
How many years ago did Calamity Ganon first attack Hyrule10,000
20%
Spin-off game involving the Hero of TwilightLink's Crossbow Training
20%
Spin off game for the WiiUHyrule Warriors
20%
Which colours does Link turn into in Four Swords(Alphabetical Order)Blue,Green,Purple,Red
0%
Who was banished to the Twilight RealmThe Interlopers
0%
Where is Bellum first fought in PHThe Temple of the Ocean King
0%
Where is the Goddess Sword foundThe Statue of the Goddess
0%
Who is the Princess in Triforce HeroesStyla
0%
Who is the final boss of A Link Between WorldsYuganon
0%
Where is the Four Sword forged in the Minish CapThe Elemental Sanctuary
0%

Score Distribution

Percentile by Number Answered

Percent of People with Each Score

Your Score History

You have not taken this quiz